Statistics for TEXAS HOLD ’EM - Beyoncé - All Lyrics

Click here to take the quiz!

General Stats

  • This quiz has been taken 122 times
  • The average score is 394 of 523

Answer Stats

Answer% Correct
Texas
100%
a
99%
a-,
99%
'em
98%
hold
98%
I
98%
oh
98%
ooh)
98%
ooh,
98%
Ooh,
98%
(Ooh,
98%
ooh
98%
This
98%
woo
98%
(Woo)
98%
woo,
98%
Woo-hoo
98%
ain't
95%
Ain't
95%
no
95%
you
94%
So
90%
the
89%
your
89%
and
88%
And
88%
be
88%
down
88%
down,
88%
To
88%
to
88%
cards
85%
if
85%
with
85%
work
85%
slow-dance
84%
Tuck,
84%
it
83%
Take
82%
take
82%
cannot
80%
can't
80%
Don’t
80%
lay
80%
me,
80%
me
80%
on
80%
Too
80%
(Too
80%
too
80%
(Hey)
79%
honey
79%
up
79%
yeah
79%
around,
78%
around)
78%
I'll
78%
keys
78%
Lexus
78%
'round,
78%
'round
78%
damned
77%
my
77%
dance
76%
in
76%
In
76%
(In
76%
bitch,
74%
Come
74%
come
74%
now
74%
now,
74%
some
74%
floor
73%
real-life
73%
sugar
72%
Throw
71%
throw
71%
We
71%
we
71%
pour
70%
There's
70%
(There's
70%
boogie
67%
city)
67%
city
67%
tornado
67%
tornado)
67%
It’s
66%
left
65%
right
65%
(Stick
63%
stick
63%
Stick
63%
park
62%
That
61%
that
61%
(That
61%
hoedown
59%
mind
59%
read
57%
pretty)
56%
pretty
56%
Then
56%
bar
55%
one
55%
Shoot
55%
shoot
55%
was
55%
at
54%
boy,
54%
liquor
54%
middle,
54%
middle
54%
run
54%
shit
54%
whiskey
54%
whiskey)
54%
us)
52%
us
52%
always
51%
nice
51%
step
51%
basement)
50%
basement
50%
time,
50%
('Cause
49%
'Cause
49%
Comin'
49%
(Comin'
49%
dive
49%
Just
49%
(Just
49%
just
49%
survivin'
49%
survivin')
49%
thought
49%
hot
46%
spin
46%
straight
46%
straight)
46%
think
46%
heatwave)
45%
heatwave
45%
of
45%
we're
45%
ha
44%
Hit
44%
(Hit
44%
(Cold
43%
cold
43%
passin'
41%
Baby,
40%
panic)
40%
panic
40%
photogenic,
40%
All
39%
boots
39%
find,
39%
Rugged
39%
(Rugged
39%
sweet
39%
first
38%
headed
38%
kisses,
37%
redemption,
37%
runnin'
37%
dramatic)
34%
dramatic
34%
feel
34%
problems
34%
Furs,
30%
Solargenic,
29%
spurs,
29%
back,
22%
Hoops,
21%
red-cup
21%
Off
18%
oops
17%

Score Distribution

Percentile by Number Answered

Percent of People with Each Score

Your Score History

You have not taken this quiz